Author by Necklace Quiz Stats

 Plays Quiz Updated Oct 4, 2019

Score 0/15 Timer 04:00
10 Plays Today
% Correct
William Shakespeare
90.9%
Herman Melville
86.2%
Edgar Allan Poe
85.8%
Arthur Conan Doyle
81.2%
George Orwell
75.4%
John Green
71.5%
Harper Lee
71.3%
Virginia Woolf
69%
% Correct
Victor Hugo
67.1%
J. D. Salinger
62.6%
Jane Austen
60.7%
F. Scott Fitzgerald
55.6%
L. M. Montgomery
53.9%
Sylvia Plath
53.8%
Charlotte Brontë
35.2%

You're not logged in!

Compare scores with friends on all Sporcle quizzes.
OR
Log In

Sporcle TV

Today on Sporcle TV


Watch our educational content, quiz creation guides, and fun videos on Sporcle TV.

Show Comments

Extras

Top Quizzes Today


Score Distribution

Your Account Isn't Verified!

In order to create a playlist on Sporcle, you need to verify the email address you used during registration. Go to your Sporcle Settings to finish the process.

Report this User

Report this user for behavior that violates our Community Guidelines.

Details: